Normal view
MARC view
Entry Personal Name
001 - CONTROL NUMBER
- control field: 10823
003 - CONTROL NUMBER IDENTIFIER
- control field: ARRUPE
005 - DATE AND TIME OF LATEST TRANSACTION
- control field: 20140611124355.0
008 - FIXED-LENGTH DATA ELEMENTS
- fixed length control field: 140611|| aca||aabn | a|a d
040 ## - CATALOGING SOURCE
- Original cataloging agency: ARRUPE
- Transcribing agency: ARRUPE
100 ## - HEADING--PERSONAL NAME
- Personal name: Murray, Ian,
- Dates associated with a name: 1935-
670 ## - SOURCE DATA FOUND
- Source citation: Work cat.: (ARRUPE)0: The New Penguin book of Scottish short stories /, 1983.